Star Wars: The Mandalorian Characters by Picture - Statistics

General Stats
  • This quiz has been taken 47 times
    34 since last reset
  • The average score is 23 of 45
Answer Stats
Picture Answer % Correct
Ahsoka Tano
100%
Din Djarin
100%
Din Grogu
100%
Boba Fett
97%
C-3PO
97%
R2-D2
97%
Luke Skywalker
93%
Moff Gideon
93%
Bo-Katan Kryze
90%
IG-11
90%
Greef Karga
83%
Cara Dune
79%
Fennec Shand
79%
Bib Fortuna
76%
Paz Vizsla
76%
Zeb Orrelios
76%
Cobb Vanth
62%
Kuiil
59%
Migs Mayfeld
59%
Morgan Elsbeth
55%
Axe Woves
52%
Kelleran Beq
48%
R5-D4
48%
Peli Motto
45%
Penn Pershing
45%
Ragnar Vizsla
45%
Brendol Hux
38%
Koska Reeves
38%
Carson Teva
34%
Trapper Wolf
31%
Xi'an
31%
Q9-0 "Zero"
28%
Qin
24%
Gorian Shard
21%
Toro Calican
21%
Burg
17%
Elia Kane
17%
EV-9D9
14%
Helgait
14%
Ranzar Malk
14%
Gilad Pellaeon
10%
Lang
10%
Taanti
10%
Valin Hess
10%
Lant Davan
7%
No matching quizzes found
Score Distribution
Percent of People with Each Score
Percentile by Number Answered
Your Score History
You have not taken this quiz since the last reset